000 00236nam a2200097Ia 4500
008 240331s9999 xx 000 0 und d
082 _bNAJ
100 _aJimudeen, A.M
245 0 _aMuslimgalum kalavarach choolalum :
_b1815-1915
942 _cL
999 _c3613
_d3613